International marketing / (Record no. 2007)
[ view plain ]
| 000 -LEADER | |
|---|---|
| fixed length control field | 00724nac a22001811u 4500 |
| 010 ## - LIBRARY OF CONGRESS CONTROL NUMBER | |
| LC control number | 2006020788 |
| 082 00 - DEWEY DECIMAL CLASSIFICATION NUMBER | |
| Classification number | 658.84 |
| Item number | C998 |
| 090 ## - LOCALLY ASSIGNED LC-TYPE CALL NUMBER (OCLC); LOCAL CALL NUMBER (OCLC) | |
| -- | 2007 |
| -- | 2007 |
| 100 ## - MAIN ENTRY--PERSONAL NAME | |
| Personal name | Czinkota, Michael R. |
| 245 10 - TITLE STATEMENT | |
| Title | International marketing / |
| Statement of responsibility, etc | Michael R. Czinkota, Ilkka A. Ronkainen. |
| 250 ## - EDITION STATEMENT | |
| Edition statement | 8th ed. |
| 260 ## - PUBLICATION, DISTRIBUTION, ETC. (IMPRINT) | |
| Place of publication, distribution, etc | Mason, OH : |
| Name of publisher, distributor, etc | Thomson Southwestern,2007 |
| Date of publication, distribution, etc | 2007. |
| 650 #0 - SUBJECT ADDED ENTRY--TOPICAL TERM | |
| Topical term or geographic name as entry element | Export marketing. |
| 700 1# - ADDED ENTRY--PERSONAL NAME | |
| Personal name | Ronkainen, Ilkka A. |
| 856 41 - ELECTRONIC LOCATION AND ACCESS | |
| Materials specified | Table of contents only |
| Uniform Resource Identifier | <a href="http://www.loc.gov/catdir/toc/ecip0615/2006020788.html">http://www.loc.gov/catdir/toc/ecip0615/2006020788.html</a> |
| 942 ## - ADDED ENTRY ELEMENTS (KOHA) | |
| Item type | Book - Borrowing |
| Call number prefix | 658.84C998 |
| Withdrawn status | Item status | Damaged status | Not for loan | Home library | Current library | Shelving location | Date acquired | Source of acquisition | Total Checkouts | Total Renewals | Full call number | Barcode | Date last seen | Date last borrowed | Cost, replacement price | Koha item type |
|---|---|---|---|---|---|---|---|---|---|---|---|---|---|---|---|---|
| Central Library | Central Library | First floor | 07/02/2007 | Purchase | 11 | 22 | 658.84 CZI | 000002382 | 15/07/2025 | 12/07/2018 | 297.00 | Book - Borrowing |